02171naa a2200229 a 450000100080000000500110000800800410001910000220006024501230008226000090020552014640021465300140167865300240169265300130171665300240172965300370175370000200179070000190181070000170182970000230184677300720186910877032012-11-27 2012 bl uuuu u00u1 u #d1 aCADORIN, A. M. R. aCaracter??sticas de plantas de girassol, em fun????o da ??poca de semeadura, na Regi??o Noroeste do Rio Grande do Sul. c2012 aEm virtude da import??ncia da cultura do girassol (Helianthus annus L) no Brasil, o objetivo deste trabalho foi avaliar a interfer??ncia das ??pocas de semeadura sobre caracteres morfol??gicos (altura de planta e tamanho de cap??tulo) e de produ????o da cultura (rendimento e massa de mil aqu??nios). Os gen??tipos cultivados foram H??lio 250, 251, 358, 884 e 885 na safra 2008-09 em tr??s ??pocas de semeadura (27/agosto, 14/outubro e 13/dezembro) e H??lio 250, 251, 253; 360, HLA 211 e Para??so 33 na safra 2009-10 em tr??s ??pocas de semeadura (31/agosto, 12/novembro e 09/dezembro). O experimento foi conduzido em blocos ao acaso, em quatro repeti????es, em Frederico Westphalen, na regi??o Noroeste do Rio Grande do Sul. An??lises de vari??ncia individuais e conjunta foram realizadas, sendo que, para a compara????o das m??dias das estimativas, aplicou-se o teste de Tukey em n??vel de 5% de probabilidade. Para as constitui????es gen??ticas, n??o houve diferen??as significativas em rendimento de aqu??nios. Somente para a estatura da planta h?? influ??ncia do ambiente e das ??pocas de semeadura, sendo que, para o tamanho do cap??tulo, ocorre influ??ncia do ambiente e, para o rendimento de aqu??nios, verifica-se que h?? incrementos pr??ximos de 600kg ha-?? quando as plantas s??o submetidas ??s condi????es ambientais e ?? ??poca de semeadura favor??veis, enquanto ocorre diminui????o da massa de mil aqu??nios com o avan??o da ??poca de semeadura. aBiodiesel a??poca de semeadura aGirassol aHelianthus annuus L aIntera????o gen??tipo x ambiente1 aSOUZA, V. Q. de1 aMANFRON, P. A.1 aCARON, B. O.1 aMEDEIROS, S. L. P. tCi??ncia Rural, Santa Mariagv. 42, n. 10, p. 1738-1743, out. 2012.